U.S. Cities with the Highest Murder Rate - Statistics

General Stats
  • This quiz has been taken 139,013 times
    37,405 since last reset
  • The average score is 10 of 20
Answer Stats
Rate % Change Cities % Correct
22.7 + 19 Chicago
92%
49.6 + 25 Detroit
81%
33.7 + 113 Atlanta
67%
52.2 + 31 New Orleans
63%
32.8 + 64 Philadelphia
62%
69.8 + 7 St. Louis
60%
50.4 - 0.1 Baltimore
59%
29.3 + 75 Washington, DC
57%
43.3 + 52 Memphis
54%
40.1 + 46 Cleveland
53%
22.4 - 32 Las Vegas
51%
32.6 + 4 Kansas City
45%
23.6 + 0.03 Cincinnati
44%
23.6 + 31 Indianapolis
44%
38.0 + 90 Milwaukee
40%
24.2 + 57 Buffalo
31%
23.4 + 35 Louisville
30%
22.3 + 101 Albuquerque
27%
28.1 + 73 Oakland
25%
22.9 + 67 Toledo
13%
No matching quizzes found
Score Distribution
Percent of People with Each Score
Percentile by Number Answered
Your Score History
You have not taken this quiz since the last reset